| 000 | 00554nam a2200193Ia 4500 | ||
|---|---|---|---|
| 005 | 20250508152224.0 | ||
| 008 | 008 250505s9999 xx 000 0 eng d | ||
| 037 | _aTextual | ||
| 040 |
_aFEDL _beng _cFEDL |
||
| 041 |
_aeng _2eng |
||
| 084 |
_a741.5, BEN _qFEDL |
||
| 100 |
_aBennett Compton _9761054 |
||
| 245 | 0 | _aHow to draw caricatures and caratoons | |
| 260 |
_aLondon, UK _bW Foulsham and Co Ltd |
||
| 300 | _a64p | ||
| 490 | _aFoulsham's easy method drawing series | ||
| 942 |
_cTEXL _h741.5, BEN |
||
| 999 |
_c1335046 _d1335046 |
||